000 00983nam a2200253Ia 4500
003 Ost
005 20260507075205.0
008 260507s9999||||xx |||||||||||||| ||und||
020 _a6004229957
040 _cfsecg
041 _aara
082 _a330
100 _aكويل، ديان
_eمؤلف
245 0 _aإدارة الاقتصاد العالمي /
_c ديان كويل
260 _aعمان:
_bدار الكتاب الحديث,
_c2001
300 _a179 صفحة؛
_bإيضاحات ؛
_c24 سم
504 _aهوامش ص.155؛ بيبليوغرافيا ص.167؛ فهارس ص.167
520 _aالاساطير و الواقع في الاسواق المالية ، تقسيم الغنائم، بناء دولي جديد و الاقتصاد الجديد .
653 _aالأسواق المالية
653 _aالاقتصاد
653 _aالاقتصاد الدولي
700 _aالتل، نادر ادريس
_eمؤلف ثانوي
942 _cكتاب
999 _c43424
_d43424